ბათუმის შოთა რუსთაველის სახელმწიფო უნივერსიტეტის ბიბლიოთეკა

Дендрофлора Кавказа=კავკასიის დენდროლოგია (ბიბ.ჩანაწერი № 45810)

000 -LEADER
fixed length control field 00828nam a2200217Ia 4500
001 - CONTROL NUMBER
control field 12638
003 - CONTROL NUMBER IDENTIFIER
control field GE_BSU
008 - FIXED-LENGTH DATA ELEMENTS--GENERAL INFORMATION
fixed length control field 181216s||||||||xx |||||||||||||| ||und||
040 ## - CATALOGING SOURCE
Transcribing agency GE_BSU
080 ## - UNIVERSAL DECIMAL CLASSIFICATION NUMBER
Universal Decimal Classification number 634.9
100 ## - MAIN ENTRY--PERSONAL NAME
Personal name Сост-ли:Васильев,А.В. Гулисашвили, В.В. Долуханов,А.Г. и др.
245 ## - TITLE STATEMENT
Title Дендрофлора Кавказа=კავკასიის დენდროლოგია
245 ## - TITLE STATEMENT
Remainder of title Дикорастущие и культурные деревья и кустарники
260 ## - PUBLICATION, DISTRIBUTION, ETC.
Place of publication, distribution, etc. Тбилиси
260 ## - PUBLICATION, DISTRIBUTION, ETC.
Name of publisher, distributor, etc. Изд-во АН Грузинской ССР
260 ## - PUBLICATION, DISTRIBUTION, ETC.
Date of publication, distribution, etc. 1959
300 ## - PHYSICAL DESCRIPTION
Extent 406стр.26см.
653 ## - INDEX TERM--UNCONTROLLED
Uncontrolled term Дендрофлора Кавказа
653 ## - INDEX TERM--UNCONTROLLED
Uncontrolled term კავკასიის დენდროლოგია
942 ## - ADDED ENTRY ELEMENTS (KOHA)
Koha item type წიგნი
ეგზემპლარები
Withdrawn status Lost status Damaged status Not for loan Date acquired Barcode Date last seen Price effective from Koha item type
        2018-12-17 20491 2018-12-17 2018-12-17 წიგნი